<?xml version="1.0" encoding="UTF-8"?>
<collection xmlns="http://www.loc.gov/MARC21/slim">
 <record>
  <leader>01087pamaa2200217   4500</leader>
  <controlfield tag="001">0000042710</controlfield>
  <controlfield tag="005">20121206090000.0</controlfield>
  <controlfield tag="008">070926                             eng  </controlfield>
  <datafield tag="020" ind1="0" ind2="0">
   <subfield code="a">0805372342 (CD-ROM) </subfield>
  </datafield>
  <datafield tag="090" ind1="0" ind2="0">
   <subfield code="a">QM23.2 </subfield>
   <subfield code="b">MAR 2006</subfield>
  </datafield>
  <datafield tag="100" ind1="1" ind2="0">
   <subfield code="a">Martini </subfield>
  </datafield>
  <datafield tag="245" ind1="1" ind2="0">
   <subfield code="a">Anatomy 360 [</subfield>
   <subfield code="m">CD-ROM]  </subfield>
   <subfield code="c">Frederic H. Martini, Michael J. Timmons, Michael P. Mckinley with Willam C. Ober art coordinator and illustrator, Claire W. Garrison illustrator, Kathleen Welch clinical consultant and Ralph T. Hutchings biomedical photographer.</subfield>
  </datafield>
  <datafield tag="250" ind1="0" ind2="0">
   <subfield code="a">5th ed.</subfield>
  </datafield>
  <datafield tag="260" ind1="0" ind2="0">
   <subfield code="a">San Francisco: </subfield>
   <subfield code="b">Pearson Benjamin Cummings, </subfield>
   <subfield code="c">2006.</subfield>
  </datafield>
  <datafield tag="300" ind1=" " ind2=" ">
   <subfield code="a">1 CD-ROM; </subfield>
   <subfield code="c">4.5 inch.</subfield>
  </datafield>
  <datafield tag="500" ind1="0" ind2="0">
   <subfield code="a">To accompany textbook titles &quot;Human anatomy by Frederic H. Martini, Michael J. Timmons, Michael P. Mckinley with Willam C. Ober art coordinator and illustrator, Claire W. Garrison illustrator, Kathleen Welch clinical consultant and Ralph T. Hutchings biomedical photographer&quot;</subfield>
  </datafield>
  <datafield tag="501" ind1="0" ind2="0">
   <subfield code="a">DPHMI</subfield>
  </datafield>
  <datafield tag="650" ind1="0" ind2="0">
   <subfield code="a">Human anatomy </subfield>
  </datafield>
  <datafield tag="700" ind1="1" ind2="1">
   <subfield code="a">Timmons, </subfield>
   <subfield code="h">Michael J </subfield>
  </datafield>
  <datafield tag="700" ind1="1" ind2="1">
   <subfield code="a">Mckinley, </subfield>
   <subfield code="h">Michael P </subfield>
  </datafield>
  <datafield tag="901" ind1=" " ind2=" ">
   <subfield code="u">http://www.aw-bc.com</subfield>
  </datafield>
 </record>
</collection>
